Detalles MARC
| 000 -Cabecera |
| Campo de control de longitud fija |
01278am a2200433a 44500 |
| 005 - Fecha y hora de la última transacción |
| Campo de control |
20250919134850.0 |
| 008 - Elementos de longitud fija--Información general |
| Campo de control de longitud fija |
150413b2005 xxu||||| |||| 00| 0 spa d |
| 020 ## - International Standard Book Number |
| Número Internacional Estándar del Libro (ISBN) |
9702605709 |
| 041 ## - Idioma |
| Código de idioma |
Español |
| 082 ## - Clasificación Decimal Dewey |
| Número de clasificación |
302.224 2 F676c2 |
| 100 ## - Entrada principal--Autor personal |
| Nombre personal |
Fonseca Yerena, Socorro |
| 9 (RLIN) |
42941 |
| 245 ## - Título propiamente dicho |
| Título |
Comunicación oral: fundamentos y práctica estratégica |
| 250 ## - Edición |
| Mención de edición |
2 edición |
| 260 ## - Pie de imprenta |
| Lugar de publicación, distribución, etc. |
México |
| 260 ## - Pie de imprenta |
| Nombre del editor, distribuidor, etc. |
Pearson |
| 260 ## - Pie de imprenta |
| Fecha de publicación, distribución, etc. |
2005 |
| 300 ## - Descripción física |
| Extensión |
265 páginas |
| 490 ## - Serie |
| Título de la Serie |
Temática General |
| 650 ## - Materia general |
| Temática (materia general) |
COMUNICACIÓN ORAL |
| 650 ## - Materia general |
| Temática (materia general) |
EXPRESIÓN |
| 650 ## - Materia general |
| Temática (materia general) |
LENGUAJE |
| 650 ## - Materia general |
| Temática (materia general) |
HABILIDADES PARA LA COMUNICACIÓN ORAL |
| 650 ## - Materia general |
| Temática (materia general) |
HABILIDADES DE COMUNICACIÓN NO VERBAL |
| 650 ## - Materia general |
| Temática (materia general) |
GESTOS |
| 650 ## - Materia general |
| Temática (materia general) |
EXPRESIÓN FACIAL |
| 650 ## - Materia general |
| Temática (materia general) |
ACTITUDES |
| 650 ## - Materia general |
| Temática (materia general) |
ETICA DE LA COMUNICACIÓN |
| 650 ## - Materia general |
| Temática (materia general) |
COMUNICACIÓN INTERPERSONAL |
| 650 ## - Materia general |
| Temática (materia general) |
COMUNICACIÓN ORAL ESTRATÉGICA |
| 650 ## - Materia general |
| Temática (materia general) |
ESTRATEGIA DE LA COMUNICACIÓN |
| 650 ## - Materia general |
| Temática (materia general) |
ORGANIZACIÓN ESTRATÉGICA |
| 650 ## - Materia general |
| Temática (materia general) |
ELABORACIÓN DE MENSAJES |
| 650 ## - Materia general |
| Temática (materia general) |
COMUNICACIÓN EN PÚBLICO |
| 650 ## - Materia general |
| Temática (materia general) |
ESTRATEGIAS PARA INFORMAR |
| 650 ## - Materia general |
| Temática (materia general) |
ESTRATEGIAS PARA PERSUADIR |
| 650 ## - Materia general |
| Temática (materia general) |
ESTRATEGIA PARA CONVENCER |
| 650 ## - Materia general |
| Temática (materia general) |
COMUNICACIÓN EN GRUPO |
| 942 ## - Punto de acceso adicional KOHA |
| Tipo de ítem KOHA |
Libro |
| Fuente del sistema de clasificación o colocación |
Dewey Decimal Classification |